| 000 | 01699nam2a22002771 4500 | ||
|---|---|---|---|
| 001 | RU\NLR\INFOCOMM31\5000092542 | ||
| 005 | 20250617031758.0 | ||
| 035 | _a(NLR Aleph) 002410127 | ||
| 090 |
_a1812002 _c1812002 |
||
| 100 | _a20050119d1980 |||y0rusy50 ca | ||
| 101 | 0 | _arus | |
| 102 | _aRU | ||
| 105 | _ay ||||000|y | ||
| 200 | 1 |
_aОценка донного давления при околозвуковых скоростях _fР.М. Бондаренко, Р.И. Штейнберг |
|
| 210 |
_d1980 _aБ. м. |
||
| 423 | 0 |
_12001#$aПостроение поверхностей тока скользящего крыла при околозвуковых скоростях$fС.В. Ляпунов _1700#1$aЛяпунов$bС.В. _tПостроение поверхностей тока скользящего крыла при околозвуковых скоростях _aЛяпунов, С.В. |
|
| 461 | 0 |
_1001RU\NLR\INFOCOMM31\5000085815 _12001#$aТруды ЦАГИ$fЦентр. аэрогидродинам. ин-т им. проф. Н.Е. Жуковского$vВып.2085 _93998286 _aЦентральный аэрогидродинамический институт им. Н. Е. Жуковского (Москва) _cМ. _d1923 - _fЦентр. аэрогидродинам. ин-т им. проф. Н.Е. Жуковского _nИзд-во Бюро новой техники НКАП _tТруды ЦАГИ _x2588-0098 _vВып.2085 |
|
| 700 | 1 |
_aБондаренко _bР.М. _4070 |
|
| 701 | 1 |
_aШтейнберг _bР.И. _4070 |
|
| 801 | 1 |
_aRU _bInfoComm _c20050129 |
|
| 801 | 0 |
_aRU _bNLR _gPSBO |
|
| 852 |
_aNLR _jП11/665 |
||
| 942 | _cISSUE | ||
| 980 | _aNB | ||
| 980 | _aRUSPER | ||